Πολιτική και διακυβέρνηση στην Ευρωπαϊκή Ένωση : ιστορία-θεσμοί-πολιτικές

Αποθηκεύτηκε σε:
Λεπτομέρειες βιβλιογραφικής εγγραφής
Κύριος συγγραφέας: Nugent, Neill
Άλλοι συγγραφείς: Μενδρινού, Μαρία (edtf)
Μορφή: Βιβλίο
Γλώσσα:Greek
English
Δημοσίευση: Αθήνα : Σαββάλας, 2006.
Έκδοση:2η έκδοση.
Σειρά:Κοινωνικές επιστήμες = Social sciences (Σαββάλας)
Θέματα:
Ετικέτες: Προσθήκη ετικέτας
Δεν υπάρχουν, Καταχωρήστε ετικέτα πρώτοι!

MARC

LEADER 00000cam a2200000 i 4500
001 1/24191
008 130108s2006 gr || ||| |||| ||gre||
020 |a 9789604496150 
035 |l 10113398 
040 |a GR-MyUa  |b gre  |e AACR2 
041 1 |a gre  |h eng 
082 7 |a 341.242   |2 (22) 
100 1 |a Nugent, Neill. 
245 1 0 |a Πολιτική και διακυβέρνηση στην Ευρωπαϊκή Ένωση :   |b ιστορία-θεσμοί-πολιτικές /   |c Neill Nugent ; πρόλογος, επιμέλεια: Μαρία Μενδρινού ; μετάφραση: Ιουλία Τσολακίδου, Αλεξάνδρα Τριανταφύλλου. 
250 |a 2η έκδοση. 
260 |a Αθήνα :   |b Σαββάλας,   |c 2006. 
300 |a 798 σ. ;   |c 24 εκ. 
490 1 |a (Κοινωνικές Επιστήμες =   |a Social science / Σαββάλας) 
504 |a Βιβλιογραφία: σ. 763-783. Ευρετήριο. 
610 2 0 |a European Union  |x Politics and government. 
700 1 |a Μενδρινού, Μαρία,  |e edtf 
765 0 8 |i Μετάφραση του:   |t The government and politics of the European Union /  
830 0 |a Κοινωνικές επιστήμες = Social sciences (Σαββάλας)  
852 |a INST  |b RHODES  |c EUDOXUS  |e 20130108  |h 341.242 NUG  |p 005400034750  |q 005400034750  |t EDX  |y 0 
901 |a BIBL4-2013-1 
920 |a Εύδοξος  |b Επιστροφή  |y Ρόδος  |z 2013-01